000 00760nam a22002177a 4500
005 20250203101731.0
008 230119b ||||| |||| 00| 0 eng d
040 _cAL
041 _ahin
082 _223
_aH891.8
_bSAGD
100 _aS L Sagar
_9197087
100 _969481
_d: एस एल सागर
245 _aDravid aur dravid sthan:
_bद्रविड़ और द्रविड़ स्थान
260 _aMainpuri
_bSagar Prakashan
_c1994
300 _a111p.
_bPB
_c21x13cm
365 _2Hindi
650 _aHindi Miscellaneous: हिंदी विविद
_969478
650 _aHindi Literature: हिंदी साहित्य
_969479
700 _aSAGAR (S L): सागर (एस एल)
_969480
942 _2ddc
_cDB
999 _c226386
_d226386